00702 2200241 4500001002100000005001700021008004100038035002400079082001200103090002200115100004800137245006300185260003500248300002100283500002700304650004900331700001000380700002100390850001500411980001300426985000600439999001500445YOGYA-0209000002456220090227023855.0 ind  0010-020900000024562 a342.068 a342.068bInd HlR aINDONESIA. (Undang-undang, Peraturan, dsb.) aHimpunan peraturan kepegawaian R.IcSumat, Dimyati Marzuki aJakartabArmas Data Jayac1988 a... jilidc22 cm aYang diterima : jil. 3 aPegawai Negeri - Undang-undang dan peraturan aSumat aMarzuki, Dimyati aYOPDYOG(B) a03-03-07 a1 a06A0020513